000
00337 a2200157 4500
001
165885
020
_a
040
_c
Magnum
100
_a
Fagundes, Helena de Castro
240
1
0
_a
A bruxa e o principe
_l
por
245
1
0
_a
A bruxa e o principe
362
0
_a
1899
440
1
_a
Bagaço
697
_a
I/BRUXA, MISTERIO
942
_c
BK
999
_c
165885
_d
165885